[Event "VI ABIERTO INTERNACIONAL DE AJEDREZ CARLOS I"]
[Site "Sanxenxo (Pontevedra) Spain"]
[Date "2014.06.28"]
[Round "8"]
[Board "2"]
[White "Gomez Ledo, Roberto Carlos"]
[Black "Garcia Castro, Pablo"]
[Result "1/2-1/2"]
[WhiteElo "2429"]
[BlackElo "2357"]
[PlyCount "61"]
[EventDate "2014.06.21"]
[EventRounds "9"]
[EventCountry "ESP"]

1. d4 Nf6 2. Nf3 e6 3. c4 c5 4. e3 d6 5. Nc3 Be7 6. Be2 O-O 7. O-O b6 8. d5
exd5 9. Nxd5 Nc6 10. Nxe7+ Qxe7 11. b3 Bb7 12. Bb2 Rad8 13. Qc2 d5 14. cxd5
Rxd5 15. a3 Qe4 16. Qc1 Ne5 17. Rd1 Nd3 18. Bxd3 Rxd3 19. Rxd3 Qxd3 20. Bxf6
gxf6 21. Qb2 Kg7 22. Ne1 Qd5 23. f3 Rd8 24. Qe2 Qd2 25. Qxd2 Rxd2 26. Rc1 Bd5
27. Rb1 a5 28. e4 Be6 29. Kf1 f5 30. exf5 Bxf5 31. Rc1 1/2-1/2

[Event "VI ABIERTO INTERNACIONAL DE AJEDREZ CARLOS I"]
[Site "Sanxenxo (Pontevedra) Spain"]
[Date "2014.06.28"]
[Round "8"]
[Board "3"]
[White "Medarde Santiago, Luis Marcos"]
[Black "Suarez Gomez, Julio"]
[Result "0-1"]
[WhiteElo "2160"]
[BlackElo "2307"]
[PlyCount "60"]
[EventDate "2014.06.21"]
[EventRounds "9"]
[EventCountry "ESP"]

1. e4 e6 2. d4 d5 3. Nc3 Bb4 4. exd5 exd5 5. Bd3 Nc6 6. a3 Bxc3+ 7. bxc3 Nge7
8. Qf3 Be6 9. Rb1 b6 10. Ne2 Qd7 11. Ng3 O-O-O 12. h3 h6 13. O-O Kb8 14. a4 Na5
15. Bb5 Qc8 16. Ba3 Ng6 17. Nh5 Nc4 18. Bc1 Nh4 19. Qg3 Nf5 20. Qf3 g5 21. Kh2
Rhg8 22. g4 Nh4 23. Qg3 f5 24. f3 Rgf8 25. Ng7 fxg4 26. Nxe6 Qxe6 27. Bxc4 dxc4
28. f4 Nf3+ 29. Kh1 Qe4 30. Ba3 Rxf4 0-1

[Event "VI ABIERTO INTERNACIONAL DE AJEDREZ CARLOS I"]
[Site "Sanxenxo (Pontevedra) Spain"]
[Date "2014.06.28"]
[Round "8"]
[Board "4"]
[White "Larino Nieto, David"]
[Black "Fernandez Losada, Daniel"]
[Result "0-1"]
[WhiteElo "2459"]
[BlackElo "2200"]
[PlyCount "144"]
[EventDate "2014.06.21"]
[EventRounds "9"]
[EventCountry "ESP"]

1. b3 c5 2. Bb2 d5 3. e3 Nc6 4. f4 Nf6 5. Nf3 Bg4 6. h3 Bxf3 7. Qxf3 e6 8. g4
Ne4 9. h4 a6 10. h5 h6 11. d3 Qa5+ 12. Ke2 Nd6 13. Nd2 c4 14. bxc4 dxc4 15. Ne4
Qa4 16. Kd2 Nb4 17. Rc1 Nxa2 18. Nc3 Qb4 19. Ra1 Qxb2 20. Rxa2 Qb6 21. Bg2 Rd8
22. Rb1 Qc7 23. Rab2 Be7 24. Rxb7 Nxb7 25. Rxb7 Qc5 26. Ne4 Qa5+ 27. Ke2 cxd3+
28. cxd3 Rc8 29. Qf1 Ba3 30. Nd2 Rc2 31. Qd1 Qc3 32. Rb8+ Ke7 33. Rb7+ Kf6 34.
e4 g6 35. e5+ Kg7 36. hxg6 Bc1 37. Rxf7+ Kxg6 38. Rf6+ Kg7 39. Kf1 Qxd3+ 40.
Kg1 Qxd2 41. Qxd2 Bxd2 42. f5 Be3+ 43. Kh1 Rb8 44. fxe6 Rb1+ 45. Kh2 Bg1+ 46.
Kg3 Rb3+ 47. Bf3 Bh2+ 48. Kh4 Bxe5 49. Rf7+ Kg8 50. Kh5 Rc7 51. Bd5 Rb5 52. Rd7
Bf4 53. Kg6 Rxd5 54. Rxd5 Bg5 55. Rd6 Rg7+ 56. Kf5 Ra7 57. Kg6 Kf8 58. Rb6 Ke7
59. Rb8 Kxe6 60. Kh5 Kd6 61. Rb6+ Kc5 62. Rxa6 Rb7 63. Ra5+ Kd4 64. Ra4+ Ke3
65. Ra3+ Ke4 66. Ra4+ Kf3 67. Ra3+ Be3 68. Ra4 Rb5+ 69. Kh4 h5 70. g5 Rxg5 71.
Ra3 Re5 72. Rb3 Kg2 0-1

[Event "VI ABIERTO INTERNACIONAL DE AJEDREZ CARLOS I"]
[Site "Sanxenxo (Pontevedra) Spain"]
[Date "2014.06.28"]
[Round "8"]
[Board "5"]
[White "Lorenzo Duran, Marcos"]
[Black "Hoffman, Alejandro"]
[Result "0-1"]
[WhiteElo "2149"]
[BlackElo "2450"]
[PlyCount "70"]
[EventDate "2014.06.21"]
[EventRounds "9"]
[EventCountry "ESP"]

1. d4 c5 2. e3 Nf6 3. Nf3 g6 4. c4 Bg7 5. Nc3 O-O 6. Be2 cxd4 7. exd4 d5 8. O-O
Nc6 9. Re1 Be6 10. c5 Ne4 11. h3 b6 12. Bb5 Na5 13. cxb6 Qxb6 14. Bd3 Nxc3 15.
bxc3 Rfc8 16. Rb1 Qd6 17. Rb5 Nc4 18. Qb3 Bd7 19. Rb7 Na5 20. Rxd7 Qxd7 21. Qa3
Nc6 22. Bb5 a6 23. Ba4 Qc7 24. g3 e6 25. Bf4 Qd8 26. Rb1 Na5 27. Kg2 Nc4 28.
Qc1 Nd6 29. Ne5 Nc4 30. Nd7 Qa5 31. Rb4 e5 32. Bh6 Bh8 33. Bg5 exd4 34. Bf6
Qxb4 35. Bxh8 Qd6 0-1

[Event "VI ABIERTO INTERNACIONAL DE AJEDREZ CARLOS I"]
[Site "Sanxenxo (Pontevedra) Spain"]
[Date "2014.06.28"]
[Round "8"]
[Board "6"]
[White "Guerra Bastida, Diego"]
[Black "Patino Romaris, Juan Roberto"]
[Result "0-1"]
[WhiteElo "2378"]
[BlackElo "2198"]
[PlyCount "67"]
[EventDate "2014.06.21"]
[EventRounds "9"]
[EventCountry "ESP"]

1. e4 e6 2. d4 d5 3. Nc3 Bb4 4. e5 c5 5. Bd2 Ne7 6. a3 Bxc3 7. Bxc3 cxd4 8.
Qxd4 Nbc6 9. Qg4 Nf5 10. Nf3 h5 11. Qf4 Qb6 12. Bd3 d4 13. Bd2 Nce7 14. O-O Bd7
15. h3 Bc6 16. Nh4 g5 17. Qxg5 Rg8 18. Qxh5 Nxh4 19. Bg5 Nhg6 20. f4 O-O-O 21.
b4 Rde8 22. Rf2 Nd5 23. Qe2 Ndxf4 24. Bxf4 Nxf4 25. Rxf4 Rxg2+ 26. Qxg2 Bxg2
27. Kxg2 Qc7 28. Re1 f5 29. Rxd4 Qg7+ 30. Kf2 Rd8 31. Rc4+ Kb8 32. Ke2 Qxe5+
33. Kd1 Qa1+ 34. Kd2 {ilegible} 0-1

[Event "VI ABIERTO INTERNACIONAL DE AJEDREZ CARLOS I"]
[Site "Sanxenxo (Pontevedra) Spain"]
[Date "2014.06.28"]
[Round "8"]
[Board "7"]
[White "Sanchez Aller, Fernando"]
[Black "Tallarico Tallarico, Ovido Mar"]
[Result "1-0"]
[WhiteElo "2355"]
[BlackElo "2153"]
[PlyCount "85"]
[EventDate "2014.06.21"]
[EventRounds "9"]
[EventCountry "ESP"]

1. e4 c5 2. Nf3 g6 3. d4 cxd4 4. Nxd4 Nc6 5. Nc3 Bg7 6. Be3 Nf6 7. Bc4 Qa5 8.
O-O O-O 9. Bb3 d6 10. h3 Bd7 11. Re1 Nxd4 12. Bxd4 Bc6 13. Nd5 Bxd5 14. exd5
Rfe8 15. c4 a6 16. Bc3 Qd8 17. Ba4 Nd7 18. Bxg7 Kxg7 19. Qd4+ Kg8 20. Re3 b5
21. cxb5 Qb6 22. Qxb6 Nxb6 23. Bb3 axb5 24. Rc1 Na4 25. Rc7 Kf8 26. Rb7 Ra5 27.
Bxa4 bxa4 28. Ra3 Rea8 29. Re3 Re8 30. Rd3 Rc8 31. g4 h6 32. Kg2 Rcc5 33. Re3
Rab5 34. Ra7 Rxb2 35. Rexe7 Rxa2 36. Rxf7+ Kg8 37. Rfd7 Rc8 38. Rxd6 Rf8 39.
Rxg6+ Kh8 40. Rxh6+ Kg8 41. Rg6+ Kh8 42. Kg3 Rfxf2 43. d6 1-0

[Event "VI ABIERTO INTERNACIONAL DE AJEDREZ CARLOS I"]
[Site "Sanxenxo (Pontevedra) Spain"]
[Date "2014.06.28"]
[Round "8"]
[Board "8"]
[White "Gonzalez Diaz, Julio"]
[Black "Iagar, Razvan-Gabriel"]
[Result "1/2-1/2"]
[WhiteElo "2292"]
[BlackElo "2168"]
[PlyCount "66"]
[EventDate "2014.06.21"]
[EventRounds "9"]
[EventCountry "ESP"]

1. e4 e6 2. d4 d5 3. Nd2 c5 4. dxc5 Bxc5 5. Bd3 Nf6 6. Qe2 Nc6 7. Ngf3 Nb4 8.
e5 Nd7 9. O-O O-O 10. Nb3 Nxd3 11. cxd3 Be7 12. Nbd4 Nb8 13. Bf4 Bd7 14. Rfc1
a6 15. h3 Nc6 16. Nxc6 Bxc6 17. Be3 Rc8 18. Bd4 Bb5 19. Qe3 Qd7 20. Bb6 Rxc1+
21. Rxc1 Rc8 22. Rxc8+ Qxc8 23. Nd4 Bd7 24. f4 Bc5 25. Bxc5 Qxc5 26. Kh2 Qb4
27. b3 Qc3 28. Nf3 h6 29. Qb6 Qc8 30. Qd6 Bb5 31. f5 Bxd3 32. f6 Be4 33. Nd2
Bd3 1/2-1/2

[Event "VI ABIERTO INTERNACIONAL DE AJEDREZ CARLOS I"]
[Site "Sanxenxo (Pontevedra) Spain"]
[Date "2014.06.28"]
[Round "8"]
[Board "9"]
[White "Garcia Carbo, Marcial"]
[Black "Blazquez Lopez, Berna"]
[Result "0-1"]
[WhiteElo "2287"]
[BlackElo "2113"]
[PlyCount "108"]
[EventDate "2014.06.21"]
[EventRounds "9"]
[EventCountry "ESP"]

1. e4 c6 2. d4 d5 3. Nc3 dxe4 4. Nxe4 Bf5 5. Ng3 Bg6 6. h4 h6 7. Nf3 e6 8. Ne5
Bh7 9. Bc4 Nd7 10. Qe2 Nxe5 11. dxe5 Ne7 12. h5 Nd5 13. Ne4 Qc7 14. f4 Qa5+ 15.
Kf1 Bxe4 16. Qxe4 Bc5 17. a3 O-O-O 18. Bd3 Qb6 19. Rh3 Rhe8 20. c4 Bg1 21. Qe2
Ne7 22. b4 Bd4 23. Rb1 Rf8 24. a4 Qc7 25. a5 f6 26. exf6 Rxf6 27. a6 b6 28. b5
cxb5 29. Rxb5 Nd5 30. Rxd5 exd5 31. Rf3 dxc4 32. Bxc4 Rc6 33. Be6+ Kb8 34. Bd2
Qd6 35. f5 Be5 36. Be1 Rc1 37. Qe4 Qc7 38. Re3 Bd6 39. Rc3 Rxc3 40. Bxc3 Bg3
41. Ke2 Bd6 42. Bd2 Be5 43. f6 gxf6 44. Bxh6 Rh8 45. Be3 Rxh5 46. Bg4 Rh4 47.
Bf3 Kc8 48. Bf2 Rh7 49. Qa8+ Kd7 50. Be1 Qc4+ 51. Kd1 Qa4+ 52. Kd2 Bf4+ 53. Kc3
Qa5+ 54. Kb3 Qxe1 0-1

[Event "VI ABIERTO INTERNACIONAL DE AJEDREZ CARLOS I"]
[Site "Sanxenxo (Pontevedra) Spain"]
[Date "2014.06.28"]
[Round "8"]
[Board "10"]
[White "Yebra-Pimentel Brea, Carlos"]
[Black "Torrado Quintela, Julio"]
[Result "0-1"]
[WhiteElo "1795"]
[BlackElo "2237"]
[PlyCount "86"]
[EventDate "2014.06.21"]
[EventRounds "9"]
[EventCountry "ESP"]

1. e4 g6 2. d4 Bg7 3. Nc3 d6 4. Be3 Nd7 5. Nf3 e5 6. Bc4 Ngf6 7. h3 O-O 8. O-O
Qe7 9. Re1 c6 10. Bb3 exd4 11. Bxd4 Ne5 12. Qe2 Nh5 13. Rad1 Nf4 14. Qe3 Qf6
15. Nxe5 dxe5 16. Bc5 Re8 17. Ne2 b6 18. Bd6 Ne6 19. Bc4 Bb7 20. Qa3 c5 21. Bd5
Bxd5 22. Rxd5 Nd4 23. Nxd4 exd4 24. Qg3 Rad8 25. f4 Qe6 26. f5 gxf5 27. Re5 Qg6
28. Rxf5 Qxd6 29. e5 Qh6 30. Rf6 Qd2 31. Re4 Re7 32. Kh2 Kh8 33. Qh4 Rg8 34.
Rg4 Qe3 35. Re4 Qd2 36. Rg4 Ree8 37. Rf5 Re6 38. Rfg5 Rg6 39. Rh5 h6 40. Rf5
Qe3 41. Qh5 Rxg4 42. hxg4 Rf8 43. e6 Qxe6 0-1